| 000 | 00654nam a2200217Ia 4500 | ||
|---|---|---|---|
| 001 | 11069 | ||
| 003 | 22129 | ||
| 005 | 20260310062933.0 | ||
| 008 | ||||||n9999 ||| || || | ||
| 041 | _aspa | ||
| 110 | 1 |
_aColombia. _bPresidencia de la República _92889 |
|
| 245 | 0 |
_aOrinoquia-Amazonia _bdiagnostico y bases de un plan de desarrollo |
|
| 260 |
_aBogotá : _bDepartamento Administrativo de Intendencias y Comisarias, _c1977. |
||
| 300 | _a289p | ||
| 562 | _e1 | ||
| 650 |
_aAMAZONÍA (COLOMBIA) _95189 |
||
| 650 |
_aORINOQUIA (COLOMBIA) _918434 |
||
| 650 |
_aREHABILITACION URBANA _918435 |
||
| 650 |
_aURBANISMO _918436 |
||
| 942 | _cDO-GO | ||
| 999 |
_c11069 _d11069 |
||